[Event "XXXVII Coppa A"]
[Site "Cagliari ITA"]
[Date "2012.09.17"]
[Round "1"]
[White "Berg, Victor"]
[Black "Kogan, Artur"]
[WhiteElo "2066"]
[BlackElo "2590"]
[Result "0-1"]
[PlyCount "78"]
[EventDate "2012.09.17"]

1. e4 c5 2. d4 cxd4 3. c3 dxc3 4. Nxc3 Nc6 5. Nf3 d6 6. Bc4 e6 7. O-O Be7 8.
Qe2 Nf6 9. Rd1 e5 10. Be3 Bg4 11. Rac1 O-O 12. h3 Bh5 13. g4 Bg6 14. Bc5 Qb8
15. Ba3 Re8 16. b4 a6 17. Bd5 Qa7 18. Qd2 Rac8 19. Qd3 Bf8 20. Nh4 Nd4 21. Nf5
Bxf5 22. gxf5 b5 23. Kh1 Rc7 24. Ne2 Nxd5 25. exd5 Nxe2 26. Qxe2 Rxc1 27. Bxc1
Qd7 28. Qh5 Rc8 29. Rg1 f6 30. Be3 Rc4 31. a3 Qf7 32. Qf3 Rc3 33. Rc1 Qc7 34.
Rg1 Rxa3 35. Qg2 Qc2 36. Bh6 Qxf5 37. Qxg7+ Bxg7 38. Rxg7+ Kh8 39. Rf7 Qxh3+
0-1

[Event "XXXVII Coppa A"]
[Site "Cagliari ITA"]
[Date "2012.09.17"]
[Round "1"]
[White "Maze, Sebastien"]
[Black "Schmitz, Andreas Arnold"]
[WhiteElo "2562"]
[BlackElo "2043"]
[Result "1-0"]
[PlyCount "155"]
[EventDate "2012.09.17"]

1. e4 e5 2. Nf3 Nc6 3. Bb5 a6 4. Bxc6 dxc6 5. O-O Bg4 6. h3 Bxf3 7. Qxf3 Qf6 8.
Qe2 Bc5 9. d3 g5 10. Be3 Bxe3 11. fxe3 Qg6 12. Nd2 O-O-O 13. b4 h5 14. a4 Ne7
15. Qf2 Rhf8 16. Qf6 Qxf6 17. Rxf6 Ng8 18. Rf5 f6 19. Raf1 h4 20. R5f2 Rfe8 21.
Nf3 Re6 22. Nh2 Kd7 23. Ng4 Ke7 24. Rf5 Re8 25. R1f2 a5 26. bxa5 Ra8 27. Rf1
Rxa5 28. d4 Rxa4 29. dxe5 fxe5 30. Rxg5 Nh6 31. Rg7+ Kd6 32. Rd1+ Kc5 33. Nf2
b5 34. Rxc7 Rc4 35. Rd2 Rf6 36. Rb7 Kb4 37. Re2 Kc3 38. Rd7 Ng8 39. Rd1 Ne7 40.
Rd3+ Kb4 41. Rb3+ Ka4 42. Rb1 b4 43. Nd3 Kb5 44. c3 c5 45. cxb4 cxb4 46. Nxe5
Rxe4 47. Ng4 Rc6 48. Nf2 Rec4 49. Nd3 Nd5 50. Reb2 Rc3 51. Rxb4+ Nxb4 52. Rxb4+
Ka5 53. Rd4 Rf6 54. Ne5 Rc1+ 55. Kh2 Rff1 56. Rxh4 Rh1+ 57. Kg3 Rc3 58. Re4 Re1
59. Ng4 Re2 60. Re5+ Kb6 61. Kf3 Rcc2 62. g3 Re1 63. Nh6 Rf1+ 64. Kg4 Rc6 65.
Nf5 Rg6+ 66. Kh5 Rg8 67. h4 Rc1 68. Re6+ Kc7 69. Re7+ Kd8 70. Ra7 Rh8+ 71. Kg4
Rc4+ 72. Kf3 Rc8 73. g4 Rb8 74. h5 Ke8 75. h6 Kf8 76. g5 Kg8 77. g6 Rf8 78.
Rg7# 1-0

[Event "XXXVII Coppa A"]
[Site "Cagliari ITA"]
[Date "2012.09.17"]
[Round "1"]
[White "Schmitz, Manuela"]
[Black "Libiszewski, Fabien"]
[WhiteElo "2020"]
[BlackElo "2493"]
[Result "0-1"]
[PlyCount "71"]
[EventDate "2012.09.17"]

1. d4 Nf6 2. Nf3 g6 3. c4 Bg7 4. Nc3 O-O 5. e4 d6 6. Be2 Nbd7 7. h3 e5 8. Be3
exd4 9. Nxd4 Re8 10. Qc2 Nc5 11. f3 Nh5 12. g4 Ng3 13. Rg1 Nxe2 14. Ncxe2 a5
15. O-O-O Bd7 16. h4 Ba4 17. b3 Bd7 18. h5 a4 19. b4 Na6 20. b5 Nb4 21. Qd2 c5
22. bxc6 Nxc6 23. hxg6 fxg6 24. Nxc6 Bxc6 25. Bd4 Qc7 26. Bxg7 Qxg7 27. Qd4 Qf7
28. Rd3 Rac8 29. Kb1 Bd7 30. Rc1 Be6 31. Rdc3 Rc6 32. f4 Bxg4 33. Ng3 Qxf4 34.
Qa7 Bf3 35. Qxa4 Qxg3 36. Rh1 0-1

[Event "XXXVII Coppa A"]
[Site "Cagliari ITA"]
[Date "2012.09.18"]
[Round "2"]
[White "Kogan, Artur"]
[Black "Gukhvat, Peter"]
[WhiteElo "2590"]
[BlackElo "2230"]
[Result "1-0"]
[PlyCount "59"]
[EventDate "2012.09.17"]

1. e4 c5 2. b3 Nc6 3. Bb2 d6 4. f4 Nf6 5. Nc3 Bg4 6. Be2 h5 7. h3 Bxe2 8. Qxe2
h4 9. Qf2 e6 10. O-O-O Be7 11. Nf3 Nh5 12. Ne2 d5 13. exd5 Qxd5 14. Nxh4 Nb4
15. a3 Nxc2 16. Kxc2 Bxh4 17. Qxh4 Qe4+ 18. Kc1 Qxe2 19. g4 c4 20. gxh5 cxb3
21. Kb1 Rxh5 22. Qg3 Rd8 23. Rhe1 Qb5 24. Qxg7 Qf5+ 25. Ka1 Rxh3 26. Rc1 Qa5
27. f5 Qxf5 28. Rc7 Rd7 29. Rc8+ Ke7 30. Qf8# 1-0

[Event "XXXVII Coppa A"]
[Site "Cagliari ITA"]
[Date "2012.09.18"]
[Round "2"]
[White "Libiszewski, Fabien"]
[Black "Delfino, Luigi"]
[WhiteElo "2493"]
[BlackElo "2182"]
[Result "1-0"]
[PlyCount "57"]
[EventDate "2012.09.17"]

1. e4 c5 2. Nc3 g6 3. d4 Bg7 4. dxc5 Bxc3+ 5. bxc3 Nc6 6. Be3 Qa5 7. Qd2 Nf6 8.
Bd3 Ng4 9. Ne2 Nxe3 10. Qxe3 O-O 11. O-O Rd8 12. Rfb1 d6 13. Rb5 Qa3 14. cxd6
exd6 15. Bc4 b6 16. Bd5 Bd7 17. Qh6 Ne5 18. Rb3 Qc5 19. Bxa8 Rxa8 20. Qd2 Be6
21. Rbb1 Rc8 22. Qd4 Qa3 23. Qb4 Qa6 24. Qxd6 Nf3+ 25. gxf3 Qxe2 26. Qd3 Qxd3
27. cxd3 Rxc3 28. d4 Rxf3 29. d5 1-0

[Event "XXXVII Coppa A"]
[Site "Cagliari ITA"]
[Date "2012.09.18"]
[Round "2"]
[White "Villar Nieves, Antonio"]
[Black "Maze, Sebastien"]
[WhiteElo "2213"]
[BlackElo "2562"]
[Result "0-1"]
[PlyCount "130"]
[EventDate "2012.09.17"]

1. d4 c5 2. d5 d6 3. e4 g6 4. h4 h5 5. Nc3 Bg7 6. Bd2 a6 7. a4 Nf6 8. Bd3 O-O
9. Nh3 Nbd7 10. f4 Ng4 11. Be2 Ndf6 12. Bf3 e5 13. dxe6 Bxe6 14. Ng5 Bd7 15.
Qe2 Re8 16. O-O Bc6 17. Qc4 Qd7 18. a5 Rad8 19. Rae1 Re7 20. Re2 Rde8 21. Rfe1
Qc7 22. e5 dxe5 23. Bxc6 bxc6 24. Qxc5 Nd7 25. Qa3 Bf8 26. Qa2 Kg7 27. Rf1 f6
28. Nh3 e4 29. Nd1 e3 30. Bc3 Nc5 31. Bb4 Re4 32. Bxc5 Bxc5 33. Nc3 Rd4 34. Kh1
Bb4 35. Nd1 Qxa5 36. Qb3 Qb5 37. Ng1 Bd6 38. Qxb5 axb5 39. Nh3 Bc5 40. g3 Red8
41. Nc3 b4 42. Na4 Rd2 43. Rfe1 Rxe2 44. Rxe2 Rd1+ 45. Kg2 Ba7 46. b3 Nf2 47.
Nb2 Rb1 48. Nc4 Ne4 49. Nxe3 Nc3 50. Nf5+ gxf5 51. Re7+ Kg6 52. Rxa7 Rc1 53.
Nf2 Rxc2 54. Kf3 Rb2 55. Rc7 Rxb3 56. Kg2 Ne4 57. Nxe4 fxe4 58. Rxc6 Rc3 59.
Rb6 b3 60. Rb5 Rc2+ 61. Kh3 b2 62. f5+ Kh6 63. g4 hxg4+ 64. Kxg4 e3 65. Rb6 e2
0-1

[Event "XXXVII Coppa A"]
[Site "Cagliari ITA"]
[Date "2012.09.18"]
[Round "3"]
[White "Duncan, Christopher R."]
[Black "Libiszewski, Fabien"]
[WhiteElo "2293"]
[BlackElo "2493"]
[Result "0-1"]
[PlyCount "72"]
[EventDate "2012.09.17"]

1. Nf3 Nf6 2. c4 g6 3. Nc3 Bg7 4. e4 d6 5. d4 O-O 6. Be2 Nbd7 7. O-O e5 8. Be3
Qe7 9. Qc2 c6 10. Rab1 exd4 11. Nxd4 Re8 12. f3 Nh5 13. Qd2 f5 14. Rbd1 f4 15.
Bf2 Be5 16. b4 Qg7 17. Rc1 Ndf6 18. c5 dxc5 19. bxc5 g5 20. h3 Ng3 21. Rfd1 Kh8
22. Bf1 h5 23. Nce2 Nxf1 24. Kxf1 Rf8 25. Qb4 g4 26. hxg4 hxg4 27. Qc4 Qh7 28.
Ng1 Rg8 29. Rc2 Qh1 30. Rcd2 a5 31. Qf7 b6 32. Nxc6 Ba6+ 33. Rd3 Raf8 34. Qe6
Bc3 35. e5 gxf3 36. exf6 Qxg2# 0-1

[Event "XXXVII Coppa A"]
[Site "Cagliari ITA"]
[Date "2012.09.18"]
[Round "3"]
[White "Garcia Castro, Pablo"]
[Black "Kogan, Artur"]
[WhiteElo "2360"]
[BlackElo "2590"]
[Result "1-0"]
[PlyCount "119"]
[EventDate "2012.09.17"]

1. e4 c5 2. Nf3 Nc6 3. d3 d6 4. c3 Nf6 5. Be2 g6 6. a3 Bg7 7. b4 c4 8. O-O cxd3
9. Bxd3 Ng4 10. Nd4 O-O 11. Be2 Nf6 12. Nd2 Bd7 13. Bb2 e5 14. N4b3 a5 15. b5
Ne7 16. a4 Be6 17. c4 Qc7 18. Qb1 Nd7 19. Ba3 b6 20. Rd1 Rfd8 21. Nf1 Nc5 22.
Bc1 f5 23. Nxc5 dxc5 24. Rxd8+ Rxd8 25. Ne3 Rd4 26. Nd5 Bxd5 27. exd5 Nc8 28.
Be3 e4 29. Qc1 Be5 30. g3 Nd6 31. Rb1 Nb7 32. Kg2 Qe7 33. h4 Qf7 34. Rb3 Kf8
35. Rb1 Ke8 36. h5 Kd7 37. hxg6 Qxg6 38. Bf4 Bf6 39. Qh1 e3 40. fxe3 Rd2 41.
Kf1 Nd6 42. Bxd6 Kxd6 43. Qf3 Be5 44. Rd1 Ra2 45. Bd3 Bxg3 46. Be2 Be5 47. Kf2
Qg5 48. Rh1 f4 49. exf4 Bd4+ 50. Kf1 Ra1+ 51. Bd1 Qf5 52. Rh6+ Kd7 53. Kg2 Ra2+
54. Be2 Ra1 55. d6 Rg1+ 56. Kh2 Rg7 57. Qc6+ Kd8 58. Qxb6+ Kd7 59. Qc7+ Ke8 60.
Bh5+ 1-0

[Event "XXXVII Coppa A"]
[Site "Cagliari ITA"]
[Date "2012.09.18"]
[Round "3"]
[White "Maze, Sebastien"]
[Black "Bonafede, Alessandro"]
[WhiteElo "2562"]
[BlackElo "2342"]
[Result "1/2-1/2"]
[PlyCount "116"]
[EventDate "2012.09.17"]

1. c4 f5 2. b4 e6 3. a3 a5 4. b5 Nf6 5. Bb2 Be7 6. Nf3 O-O 7. Qc2 b6 8. e3 Bb7
9. Be2 Qe8 10. h3 Qg6 11. Rg1 Qh6 12. Nc3 Ne4 13. O-O-O Bf6 14. Rdf1 d6 15. Nd4
Nd7 16. g4 Ndc5 17. f4 Nxc3 18. Bxc3 Qxh3 19. g5 Be4 20. gxf6 Bxc2 21. Rxg7+
Kh8 22. Kxc2 Ne4 23. Nxe6 Nxc3 24. Ng5 Qh6 25. Rxh7+ Qxh7 26. Nxh7 Kxh7 27.
Kxc3 Rxf6 28. Kd4 Kg7 29. Kd5 Rh8 30. Bd3 Rh2 31. Rd1 Rf7 32. a4 Kf6 33. Kc6
Rg7 34. Bb1 Ke6 35. e4 fxe4 36. Bxe4 Rf2 37. f5+ Ke5 38. d3 Ra2 39. Rh1 Rxa4
40. Rh6 Rxc4+ 41. dxc4 Kxe4 42. f6 Rf7 43. Rh5 Kd4 44. Rg5 Kxc4 45. Rg4+ Kd3
46. Rg7 Rxf6 47. Rxc7 d5+ 48. Kxd5 Rf5+ 49. Kc6 Rf6+ 50. Kb7 a4 51. Rc6 Rf1 52.
Rh6 a3 53. Rh2 Kc4 54. Kxb6 Rb1 55. Kc6 Rb2 56. Rh4+ Kc3 57. b6 Rxb6+ 58. Kxb6
a2 1/2-1/2

[Event "XXXVII Coppa A"]
[Site "Cagliari ITA"]
[Date "2012.09.19"]
[Round "4"]
[White "Bonafede, Alessandro"]
[Black "Delorme, Axel"]
[WhiteElo "2342"]
[BlackElo "2462"]
[Result "1/2-1/2"]
[PlyCount "59"]
[EventDate "2012.09.17"]

1. e4 e5 2. f4 d5 3. exd5 exf4 4. Bc4 Qh4+ 5. Kf1 Bd6 6. d3 Ne7 7. Nc3 Bg4 8.
Nf3 Qh5 9. Ne4 Nxd5 10. Nxd6+ cxd6 11. Qe2+ Kd7 12. Qe4 Bxf3 13. Qxf3 Qxf3+ 14.
gxf3 Ne3+ 15. Bxe3 fxe3 16. Rg1 g6 17. Ke2 Nc6 18. c3 Rae8 19. Bxf7 Re5 20. Bb3
Ne7 21. Rg2 Rf8 22. d4 Rh5 23. Kxe3 Nf5+ 24. Ke2 Nh4 25. Rf2 Rhf5 26. Raf1 Re8+
27. Kd2 Ref8 28. Ke2 Re8+ 29. Kd2 Ref8 30. Ke2 1/2-1/2

[Event "XXXVII Coppa A"]
[Site "Cagliari ITA"]
[Date "2012.09.19"]
[Round "4"]
[White "Caprio, Guido"]
[Black "Maze, Sebastien"]
[WhiteElo "2396"]
[BlackElo "2562"]
[Result "0-1"]
[PlyCount "145"]
[EventDate "2012.09.17"]

1. d4 g6 2. e4 Bg7 3. Nf3 c6 4. h3 d6 5. c4 Nd7 6. Nc3 e5 7. d5 c5 8. Be2 Ne7
9. g4 h5 10. Rg1 hxg4 11. hxg4 f6 12. Be3 a6 13. Qc2 Nf8 14. Nd2 Bh6 15. Rh1
Ng8 16. O-O-O Rh7 17. Rdg1 Bxe3 18. fxe3 Bd7 19. Rxh7 Nxh7 20. Rh1 Qe7 21. Qb3
O-O-O 22. Qb6 Ng5 23. b4 cxb4 24. Qxb4 Be8 25. Nb3 Qc7 26. c5 dxc5 27. Nxc5 Rd6
28. Kd2 Rb6 29. Qa3 Kb8 30. Rc1 Qd6 31. Rc2 Ne6 32. Nd1 Nxc5 33. Qxc5 Ne7 34.
Qxd6+ Rxd6 35. Nb2 f5 36. Nc4 Rd8 37. gxf5 gxf5 38. exf5 Rxd5+ 39. Kc1 e4 40.
f6 Ng8 41. Nb6 Rd8 42. Rc5 Nxf6 43. Rf5 Rd6 44. Nc4 Re6 45. Kb2 Bb5 46. Kb3
Bxc4+ 47. Bxc4 Rd6 48. Re5 Nd7 49. Re8+ Kc7 50. Kb4 b5 51. Bf1 Nf6 52. Re7+ Kb6
53. Kb3 Nd7 54. Kc2 Nc5 55. Re8 Rf6 56. Be2 Rc6 57. Kd2 Ka5 58. Kc3 Nd3+ 59.
Kd4 Rc4+ 60. Kd5 Nb4+ 61. Ke5 Rc2 62. Bf1 Rf2 63. Bh3 Rf3 64. Bc8 Rxe3 65. a3
Rxa3 66. Kxe4 Rd3 67. Rh8 Rd6 68. Ke5 Rc6 69. Bd7 Rc5+ 70. Ke4 Rc4+ 71. Ke3
Nd5+ 72. Kd3 Nb4+ 73. Kd2 0-1

[Event "XXXVII Coppa A"]
[Site "Cagliari ITA"]
[Date "2012.09.19"]
[Round "4"]
[White "Libiszewski, Fabien"]
[Black "Garcia Castro, Pablo"]
[WhiteElo "2493"]
[BlackElo "2360"]
[Result "1-0"]
[PlyCount "63"]
[EventDate "2012.09.17"]

1. c4 d6 2. g3 g6 3. Bg2 Bg7 4. Nc3 Nc6 5. d3 e5 6. e4 Be6 7. Nge2 h5 8. h4 Qd7
9. Nd5 Nce7 10. d4 c5 11. dxc5 dxc5 12. Bg5 f6 13. Be3 b6 14. f4 Nc6 15. O-O
Bg4 16. Qe1 Nd4 17. Nxd4 cxd4 18. fxe5 dxe3 19. exf6 e2 20. f7+ Kf8 21. fxg8=Q+
Kxg8 22. Rf6 Qa4 23. Rxg6 Qxc4 24. Rc1 Qd4+ 25. Kh2 Kf7 26. Rxg4 hxg4 27. Qxe2
Be5 28. Rf1+ Ke6 29. Qxg4+ Kd6 30. Qg6+ Kc5 31. Rc1+ Kb5 32. Qc6+ 1-0

[Event "XXXVII Coppa A"]
[Site "Cagliari ITA"]
[Date "2012.09.20"]
[Round "5"]
[White "Delorme, Axel"]
[Black "Villar Nieves, Antonio"]
[WhiteElo "2462"]
[BlackElo "2213"]
[Result "1-0"]
[PlyCount "71"]
[EventDate "2012.09.17"]

1. e4 c5 2. Nf3 Nc6 3. d4 cxd4 4. Nxd4 g6 5. c4 Bg7 6. Be3 Nf6 7. Nc3 d6 8. Be2
Bd7 9. O-O O-O 10. Kh1 Rc8 11. f4 Na5 12. b3 b6 13. Rc1 Nb7 14. e5 Ne8 15. Bf3
Nc5 16. b4 Ne6 17. Ncb5 Nxd4 18. Nxd4 dxe5 19. fxe5 Bxe5 20. c5 bxc5 21. bxc5
Nc7 22. c6 Be8 23. Bg1 e6 24. Qa4 Nd5 25. Rfd1 a5 26. Bxd5 exd5 27. Rc5 Qh4 28.
Qxa5 Qg4 29. Qe1 f6 30. h3 Qf4 31. Ne6 Qf5 32. Nxf8 Rxc6 33. Rcc1 Ra6 34. Rc8
Kxf8 35. Qb4+ Bd6 36. Rxe8+ 1-0

[Event "XXXVII Coppa A"]
[Site "Cagliari ITA"]
[Date "2012.09.20"]
[Round "5"]
[White "Maze, Sebastien"]
[Black "Kogan, Artur"]
[WhiteElo "2562"]
[BlackElo "2590"]
[Result "1/2-1/2"]
[PlyCount "47"]
[EventDate "2012.09.17"]

1. c4 e5 2. Nc3 d6 3. g3 c6 4. Bg2 f5 5. d4 Be7 6. dxe5 dxe5 7. Qxd8+ Bxd8 8.
e4 Na6 9. Be3 Nf6 10. h3 Nb4 11. O-O-O fxe4 12. Nge2 Be6 13. b3 Nd3+ 14. Kb1
Bb6 15. Rhf1 O-O 16. g4 Rad8 17. Ng3 Nf4 18. Bxf4 exf4 19. Ngxe4 Nxe4 20. Bxe4
f3 21. Rxd8 Bxd8 22. Re1 Bb6 23. Bd3 Bf7 24. Kc2 1/2-1/2

[Event "XXXVII Coppa A"]
[Site "Cagliari ITA"]
[Date "2012.09.20"]
[Round "5"]
[White "Shkapenko, Pavel"]
[Black "Libiszewski, Fabien"]
[WhiteElo "2397"]
[BlackElo "2493"]
[Result "1/2-1/2"]
[PlyCount "219"]
[EventDate "2012.09.17"]

1. e4 e5 2. Nf3 Nc6 3. Bb5 a6 4. Ba4 Nge7 5. Bb3 h6 6. d4 exd4 7. Nxd4 Nxd4 8.
Qxd4 Nc6 9. Qd3 g6 10. Qf3 Qe7 11. Nc3 Nd4 12. Qd3 Bg7 13. Be3 Nxb3 14. axb3
O-O 15. Nd5 Qd8 16. Bd4 Bxd4 17. Qxd4 f5 18. exf5 Rxf5 19. O-O d6 20. Rfe1 Rf7
21. Re2 c6 22. Rae1 Bf5 23. Ne7+ Kh7 24. Nxf5 gxf5 25. Re6 d5 26. R1e3 Qg5 27.
f4 Qg7 28. Qxg7+ Rxg7 29. Rf6 d4 30. Ree6 Rd8 31. Rxh6+ Kg8 32. Rh3 Rg4 33. Rf3
Kf7 34. Re5 Kf6 35. g3 Rg7 36. Rd3 Re7 37. Rxe7 Kxe7 38. Kf2 c5 39. Kf3 Kf6 40.
Rd1 Rh8 41. Rd2 Rd8 42. h3 Rh8 43. b4 cxb4 44. Rxd4 Rxh3 45. Rd6+ Ke7 46. Rb6
Rh2 47. Rxb7+ Kf6 48. Rxb4 Rxc2 49. Rb6+ Kf7 50. g4 fxg4+ 51. Kxg4 a5 52. Kg5
a4 53. Rb7+ Kf8 54. f5 Rc6 55. Rb4 Rc2 56. Kg6 Rg2+ 57. Kf6 Kg8 58. Rb8+ Kh7
59. Kf7 Rg7+ 60. Ke6 Ra7 61. f6 Ra6+ 62. Ke7 Ra7+ 63. Ke8 Kg6 64. Rb6 Ra8+ 65.
Ke7 Ra7+ 66. Ke6 a3 67. f7 Rxf7 68. Kd5+ Kf5 69. bxa3 Rd7+ 70. Kc6 Ra7 71. Rb3
Ke5 72. Kc5 Ke6 73. Rd3 Ke7 74. Kb6 Ra8 75. Kc6 Ke6 76. Re3+ Kf7 77. Kb6 Rb8+
78. Ka5 Ra8+ 79. Kb4 Rb8+ 80. Kc5 Rc8+ 81. Kd6 Ra8 82. Kc7 Ra7+ 83. Kb8 Ra4 84.
Kb7 Ra5 85. Rh3 Ke7 86. Rh7+ Kd6 87. Rh6+ Kd7 88. Rh3 Ra4 89. Rd3+ Ke7 90. Kc6
Ra8 91. Rh3 Rc8+ 92. Kb7 Rc4 93. Rh6 Kd7 94. Rh2 Ra4 95. Ra2 Kd8 96. Rd2+ Ke7
97. Rd3 Ke8 98. Kc7 Ra7+ 99. Kb6 Ra8 100. Kc7 Ra7+ 101. Kc6 Ra8 102. Rh3 Ke7
103. Rg3 Rc8+ 104. Kb6 Ra8 105. Rh3 Kd7 106. Rg3 Kd6 107. Rd3+ Ke7 108. Kb7 Ra4
109. Rc3 Kd6 110. Rc6+ 1/2-1/2

[Event "XXXVII Coppa A"]
[Site "Cagliari ITA"]
[Date "2012.09.20"]
[Round "6"]
[White "Libiszewski, Fabien"]
[Black "Delorme, Axel"]
[WhiteElo "2493"]
[BlackElo "2462"]
[Result "1/2-1/2"]
[PlyCount "33"]
[EventDate "2012.09.17"]

1. c4 Nf6 2. Nf3 e6 3. Nc3 Bb4 4. Qc2 O-O 5. a3 Bxc3 6. Qxc3 b6 7. e3 Bb7 8.
Be2 d6 9. b4 Nbd7 10. Bb2 a5 11. O-O Qe7 12. d3 axb4 13. axb4 Rxa1 14. Rxa1 Ra8
15. Rxa8+ Bxa8 16. Qa3 Qd8 17. Nd2 1/2-1/2

[Event "XXXVII Coppa A"]
[Site "Cagliari ITA"]
[Date "2012.09.20"]
[Round "6"]
[White "Rombaldoni, Axel"]
[Black "Gukhvat, Peter"]
[WhiteElo "2458"]
[BlackElo "2230"]
[Result "0-1"]
[PlyCount "80"]
[EventDate "2012.09.17"]

1. e4 c5 2. Nf3 Nc6 3. Bb5 g6 4. c3 Qb6 5. Ba4 Bg7 6. O-O d6 7. d4 Bd7 8. d5
Nb8 9. Bc2 Nh6 10. Nbd2 O-O 11. a4 Qc7 12. Nc4 f6 13. Ne1 b5 14. axb5 Bxb5 15.
Bd3 Nd7 16. Na5 c4 17. Be2 f5 18. Nc2 f4 19. Nd4 Bxd4 20. cxd4 a6 21. Ra3 g5
22. Qc2 Nb6 23. Nc6 e6 24. Rh3 Qg7 25. Ne7+ Qxe7 26. Rxh6 exd5 27. exd5 Rf6 28.
Rh5 h6 29. Bg4 Be8 30. Rh3 Bf7 31. b3 Bxd5 32. bxc4 Bxc4 33. Rd1 Re8 34. Bd2 d5
35. Qb1 Qe4 36. Qc1 Rc6 37. Bb4 Be2 38. Qxc6 Bxd1 39. Re3 fxe3 40. f3 Ba4 0-1

[Event "XXXVII Coppa A"]
[Site "Cagliari ITA"]
[Date "2012.09.20"]
[Round "6"]
[White "Senlle Caride, Miguel"]
[Black "Maze, Sebastien"]
[WhiteElo "2265"]
[BlackElo "2562"]
[Result "0-1"]
[PlyCount "128"]
[EventDate "2012.09.17"]

1. e4 c5 2. Nf3 Nc6 3. d4 cxd4 4. Nxd4 g6 5. Nc3 Bg7 6. Nde2 Nf6 7. g3 b5 8.
Bg2 Rb8 9. O-O d6 10. h3 O-O 11. Be3 b4 12. Nd5 Nd7 13. Nd4 Nxd4 14. Bxd4 Bxd4
15. Qxd4 a5 16. b3 Bb7 17. a3 e5 18. Qd2 Bxd5 19. exd5 Nc5 20. axb4 Rxb4 21.
Ra2 Qb6 22. Rfa1 Ra8 23. Qe3 Kg7 24. h4 h5 25. Bf3 a4 26. Kg2 Ra5 27. bxa4
Rbxa4 28. Rxa4 Rxa4 29. Rxa4 Nxa4 30. Qa3 Nc5 31. Qe3 Nd7 32. Qa3 Qc5 33. Qa4
Nf6 34. c4 Qd4 35. Qb3 Nd7 36. Be2 Nc5 37. Qe3 Qxe3 38. fxe3 f5 39. Bf3 Kf6 40.
Kf2 Nd3+ 41. Kf1 Nc5 42. Kf2 Ke7 43. Ke1 Kd7 44. Kd2 Kc7 45. Kc3 Kb6 46. Kb4
Ka6 47. Bg2 Kb6 48. Bf3 Nd7 49. Bg2 Nf6 50. Bf3 Ng4 51. e4 f4 52. gxf4 exf4 53.
c5+ dxc5+ 54. Kc3 Ne5 55. Be2 Kc7 56. Kd2 Kd6 57. Kc3 f3 58. Bf1 Ng4 59. Kd2
Ke5 60. Kd3 Nf2+ 61. Ke3 Nxe4 62. Bd3 f2 63. d6 Nxd6 64. Kxf2 Nf5 0-1

[Event "XXXVII Coppa A"]
[Site "Cagliari ITA"]
[Date "2012.09.21"]
[Round "7"]
[White "Delorme, Axel"]
[Black "Kogan, Artur"]
[WhiteElo "2462"]
[BlackElo "2590"]
[Result "0-1"]
[PlyCount "138"]
[EventDate "2012.09.17"]

1. d4 d5 2. c4 e6 3. Nf3 c6 4. Qc2 dxc4 5. Qxc4 Nf6 6. g3 b5 7. Qb3 Bb7 8. Bg2
Qb6 9. O-O c5 10. Nc3 Bc6 11. Ne5 Bxg2 12. Kxg2 a6 13. dxc5 Bxc5 14. Nd3 Be7
15. Be3 Qb7+ 16. Kg1 Nbd7 17. Rac1 Ng4 18. Bf4 O-O 19. h3 Ngf6 20. Rc2 Rfe8 21.
Be3 Rab8 22. Rfc1 Bd6 23. a4 b4 24. Nb1 Qe4 25. Nd2 Qf5 26. Kg2 Ne5 27. Nxe5
Bxe5 28. Nf3 Nd5 29. Nxe5 Qxe5 30. Bc5 h5 31. h4 Red8 32. Kg1 Rd7 33. Rd2 Rc8
34. Rdc2 Rcd8 35. Qc4 a5 36. e3 Nf6 37. Bd4 Qe4 38. Qe2 b3 39. Rd2 e5 40. Bc3
Rxd2 41. Bxd2 Qxa4 42. Bc3 Rc8 43. Rd1 Qe4 44. Qd3 Qf3 45. e4 Qxe4 46. Qxe4
Nxe4 47. Bxe5 Rc5 48. Rd8+ Kh7 49. Bd4 Rc2 50. Re8 Nd2 51. Kg2 Nc4 52. Rb8 a4
53. Rb4 Nxb2 54. Bxb2 Rxb2 55. Rxa4 Rc2 56. Rb4 b2 57. Rb7 f6 58. Kf3 Kg6 59.
Rb5 Kf7 60. Rb6 Ke7 61. Ke3 Kd7 62. f3 Kc7 63. Rb4 Rg2 64. g4 hxg4 65. fxg4 Kc6
66. Kd3 Kc5 67. Rb7 Rg3+ 68. Kc2 Rxg4 69. Kxb2 Rb4+ 0-1

[Event "XXXVII Coppa A"]
[Site "Cagliari ITA"]
[Date "2012.09.21"]
[Round "7"]
[White "Gukhvat, Peter"]
[Black "Bonafede, Alessandro"]
[WhiteElo "2230"]
[BlackElo "2342"]
[Result "0-1"]
[PlyCount "46"]
[EventDate "2012.09.17"]

1. e4 c5 2. Nf3 d6 3. Nc3 Nf6 4. d4 cxd4 5. Nxd4 a6 6. Qf3 g6 7. h3 Bg7 8. Be3
O-O 9. g4 Nc6 10. O-O-O Be6 11. Qg3 Nxd4 12. Bxd4 Qa5 13. Qe3 Rfc8 14. a3 Rab8
15. f4 b5 16. f5 b4 17. fxe6 bxc3 18. Bxc3 Rxc3 19. exf7+ Kf8 20. bxc3 Nxe4 21.
Qxe4 Bh6+ 22. Rd2 Qxc3 23. Qd4 Bxd2+ 0-1

[Event "XXXVII Coppa A"]
[Site "Cagliari ITA"]
[Date "2012.09.21"]
[Round "7"]
[White "Maze, Sebastien"]
[Black "Libiszewski, Fabien"]
[WhiteElo "2562"]
[BlackElo "2493"]
[Result "1/2-1/2"]
[PlyCount "22"]
[EventDate "2012.09.17"]

1. e4 e5 2. Nc3 Nf6 3. Nf3 Nc6 4. Bb5 Nd4 5. Ba4 c6 6. d3 Bc5 7. O-O O-O 8.
Nxd4 Bxd4 9. Ne2 Bb6 10. Ng3 d5 11. Bb3 h6 1/2-1/2

[Event "XXXVII Coppa A"]
[Site "Cagliari ITA"]
[Date "2012.09.22"]
[Round "8"]
[White "Gukhvat, Peter"]
[Black "Maze, Sebastien"]
[WhiteElo "2230"]
[BlackElo "2562"]
[Result "0-1"]
[PlyCount "72"]
[EventDate "2012.09.17"]

1. d4 Nf6 2. Nf3 g6 3. Nbd2 Bg7 4. e3 O-O 5. Be2 d6 6. b3 Nbd7 7. Bb2 Re8 8.
O-O b6 9. a4 a5 10. Bc4 Bb7 11. e4 d5 12. exd5 Nxd5 13. Re1 e6 14. Ne5 Nb4 15.
Nd3 Nxd3 16. Bxd3 Nc5 17. Bb5 Qd5 18. Qg4 Red8 19. Nf3 Ne4 20. Bc4 Qf5 21. Qxf5
gxf5 22. Rad1 Rac8 23. Ne5 Nd6 24. Be2 c5 25. Bh5 c4 26. Ba3 Rc7 27. b4 Ne4 28.
bxa5 bxa5 29. Bb2 Rb8 30. f3 Nf6 31. Bxf7+ Rxf7 32. Nxf7 Kxf7 33. Bc3 Nd5 34.
Bxa5 Ra8 35. Bd2 Bxd4+ 36. Kf1 c3 0-1

[Event "XXXVII Coppa A"]
[Site "Cagliari ITA"]
[Date "2012.09.22"]
[Round "8"]
[White "Kogan, Artur"]
[Black "Shkapenko, Pavel"]
[WhiteElo "2590"]
[BlackElo "2397"]
[Result "1/2-1/2"]
[PlyCount "73"]
[EventDate "2012.09.17"]

1. d4 d5 2. Nf3 c5 3. dxc5 e6 4. e4 Bxc5 5. Nc3 Ne7 6. exd5 exd5 7. Bd3 Nbc6 8.
O-O Bg4 9. h3 Bh5 10. Bg5 f6 11. Be3 Bxe3 12. fxe3 O-O 13. Qe1 Bxf3 14. Rxf3
Ne5 15. Rf4 Nxd3 16. cxd3 Nc6 17. Qf2 Qd7 18. Rf1 Rad8 19. d4 Qe6 20. Qg3 Ne7
21. h4 f5 22. h5 Qh6 23. Rh4 Qd6 24. Qh3 Rf6 25. Rf2 Rdf8 26. Rhf4 Qe6 27. a3
Qd6 28. Qh4 Qe6 29. R2f3 Nc8 30. Rg3 h6 31. Rf2 Nd6 32. Qf4 Ne4 33. Nxe4 fxe4
34. Qc7 Qf7 35. Qxf7+ R8xf7 36. Rc2 Rf1+ 37. Kh2 1/2-1/2

[Event "XXXVII Coppa A"]
[Site "Cagliari ITA"]
[Date "2012.09.22"]
[Round "8"]
[White "Libiszewski, Fabien"]
[Black "Bonafede, Alessandro"]
[WhiteElo "2493"]
[BlackElo "2342"]
[Result "1/2-1/2"]
[PlyCount "60"]
[EventDate "2012.09.17"]

1. e4 c5 2. Nf3 d6 3. Bc4 Nf6 4. d3 e6 5. Bb3 Nc6 6. c3 Be7 7. O-O O-O 8. Nbd2
Qc7 9. Re1 Rb8 10. d4 e5 11. h3 b5 12. Nf1 Na5 13. Bc2 Rd8 14. Ne3 g6 15. b3 b4
16. cxb4 cxd4 17. bxa5 dxe3 18. Bxe3 Qxa5 19. Qe2 Nh5 20. Bd3 Bf6 21. Rad1 Nf4
22. Bxf4 exf4 23. Bc4 Bb7 24. e5 Bxf3 25. Qxf3 Bxe5 26. Qd5 Qxd5 27. Bxd5 Rdc8
28. Rc1 Kf8 29. Kf1 Bb2 30. Rc4 Rxc4 1/2-1/2

[Event "XXXVII Coppa A"]
[Site "Cagliari ITA"]
[Date "2012.09.23"]
[Round "9"]
[White "Bonafede, Alessandro"]
[Black "Kogan, Artur"]
[WhiteElo "2342"]
[BlackElo "2590"]
[Result "1/2-1/2"]
[PlyCount "72"]
[EventDate "2012.09.17"]

1. e4 c5 2. Nf3 Nc6 3. Bb5 e6 4. Bxc6 bxc6 5. d3 Qc7 6. O-O Ne7 7. Nc3 e5 8.
Ne2 d6 9. b3 g6 10. h3 f5 11. c3 Bg7 12. exf5 Nxf5 13. Ng3 Nxg3 14. fxg3 O-O
15. Be3 a5 16. Qd2 a4 17. Ng5 axb3 18. axb3 Rxa1 19. Rxa1 Qb8 20. Ra3 h6 21.
Ne4 Kh7 22. Qa2 Be6 23. Ra7 Bxb3 24. Qa6 Be6 25. Qb7 Qxb7 26. Rxb7 Bf5 27. Nxd6
Bxd3 28. Nf7 e4 29. Bxc5 Ra8 30. Ne5 Kg8 31. Nxg6 Ra1+ 32. Kh2 Rf1 33. Ne7+ Kh8
34. Ng6+ Kg8 35. Ne7+ Kh8 36. Ng6+ Kg8 1/2-1/2